Every Ecclesiastical Province in the U.S. - Statistics

General Stats
  • This quiz has been taken 10 times
  • The average score is 20 of 35
Answer Stats
Ecclesiastical Province % Correct
Washington
88%
Atlanta
75%
Baltimore
75%
Boston
75%
Chicago
75%
Cincinnati
75%
Indianapolis
75%
Louisville
75%
Miami
75%
Milwaukee
75%
New Orleans
75%
New York
75%
Oklahoma City
75%
Omaha
75%
Philadelphia
75%
Portland
75%
Seattle
75%
Denver
63%
Detroit
63%
Kansas City
63%
Los Angeles
63%
Mobile
63%
San Antonio
63%
San Francisco
63%
Santa Fe
63%
St. Louis
63%
Hartford
50%
Newark
38%
San Juan
25%
Anchorage–Juneau
13%
Galveston–Houston
13%
Agaña
0%
Dubuque
0%
Saint Paul and Minneapolis
0%
Samoa–Apia
0%
No matching quizzes found
Score Distribution
Percent of People with Each Score
Percentile by Number Answered
Your Score History
You have not taken this quiz